Digitization of the Economies of Ukraine and Poland: National and Regional Dimensions

Súčasné trendy v digitalizácii ekonomík Ukrajiny a Poľska na národnej a regionálnej úrovni. Podstata digitalizácie ekonomiky, jej vzťah s ekonomickým rastom, postavením sveta na úrovni rozvoja digitálnej ekonomiky a jej komponentov (prístup na internet, kybernetická bezpečnosť, digitálne kompetencie...

Full description

Saved in:
Bibliographic Details
Main Author: Melnyk, Maryana
Other Authors: Shchehliuk, Svitlana, Leshchukh, Iryna, Litorovych, Oleksandr
Format: Book Chapter
Language:English
Subjects:
Tags: Add Tag
No Tags, Be the first to tag this record!

MARC

LEADER 00000naa a2200000 4500
001 0283724
005 20220513083721.0
041 0 |a eng 
044 |a UA 
245 1 0 |a Digitization of the Economies of Ukraine and Poland: National and Regional Dimensions  |c Maryana Melnyk, Svitlana Shchehliuk, Iryna Leshchukh, Oleksandr Litorovych 
520 |a Súčasné trendy v digitalizácii ekonomík Ukrajiny a Poľska na národnej a regionálnej úrovni. Podstata digitalizácie ekonomiky, jej vzťah s ekonomickým rastom, postavením sveta na úrovni rozvoja digitálnej ekonomiky a jej komponentov (prístup na internet, kybernetická bezpečnosť, digitálne kompetencie obyvateľstva a pod.). Porovnanie postavenia Ukrajiny a Poľska v medzinárodnom hodnotení digitalizácie, inovácií a konkurencieschopnosti. Národné a regionálne rozdiely pri poskytovaní prístupu na internet obyvateľom na Ukrajine a v Poľsku. Potreba prijať účinné opatrenia na urýchlenie digitálnej transformácie ukrajinského hospodárstva - program EU4Digital v rámci politiky Východného partnerstva podporuje digitalizáciu Ukrajiny. 
610 2 0 |a digitalizácia 
610 2 0 |a inovácia 
610 2 0 |a konkurencieschopnosť 
610 2 0 |a transformácia digitálna 
610 2 0 |a regióny 
610 2 0 |a Poľsko 
610 2 0 |a Ukrajina 
100 1 |a Melnyk, Maryana 
700 1 |a Shchehliuk, Svitlana 
700 1 |a Leshchukh, Iryna 
700 1 |a Litorovych, Oleksandr